<?xml version="1.0" encoding="UTF-8"?>
<collection xmlns="http://www.loc.gov/MARC21/slim">
 <record>
  <leader>00589pamaa2200181   4500</leader>
  <controlfield tag="001">0000041199</controlfield>
  <controlfield tag="005">20140919090000.0</controlfield>
  <datafield tag="020" ind1="0" ind2="0">
   <subfield code="a">0205415059 (pbk) </subfield>
  </datafield>
  <datafield tag="090" ind1="0" ind2="0">
   <subfield code="a">BF121 </subfield>
   <subfield code="b">KOS 2005</subfield>
  </datafield>
  <datafield tag="100" ind1="1" ind2="0">
   <subfield code="a">KOSSLYN </subfield>
  </datafield>
  <datafield tag="245" ind1="1" ind2="0">
   <subfield code="a">Fundamentals of Psychology : </subfield>
   <subfield code="b">the brain, the person, the world  </subfield>
   <subfield code="c">Stephen M. Kosslyn and Robin S. Rosenberg.</subfield>
  </datafield>
  <datafield tag="250" ind1="0" ind2="0">
   <subfield code="a">2nd ed.</subfield>
  </datafield>
  <datafield tag="260" ind1="0" ind2="0">
   <subfield code="a">Boston: </subfield>
   <subfield code="b">Pearson Allyn and Bacon, </subfield>
   <subfield code="c">2005.</subfield>
  </datafield>
  <datafield tag="300" ind1=" " ind2=" ">
   <subfield code="a">xxx, 523p.: </subfield>
   <subfield code="b">col.ill.; </subfield>
   <subfield code="c">28cm.</subfield>
  </datafield>
  <datafield tag="500" ind1="0" ind2="0">
   <subfield code="a">Includes study card titled &quot; Introduction to Psychology &quot;</subfield>
  </datafield>
  <datafield tag="501" ind1="0" ind2="0">
   <subfield code="a">CSAM</subfield>
  </datafield>
  <datafield tag="650" ind1="0" ind2="0">
   <subfield code="a">Psychology </subfield>
  </datafield>
  <datafield tag="700" ind1="1" ind2="1">
   <subfield code="a">Rosenberg, </subfield>
   <subfield code="h">Robin S. </subfield>
  </datafield>
 </record>
</collection>
